000 00727nam a22002417a 4500
003 DO-SdBNP
005 20171128093830.0
008 161031b 1998 sp a 00| 0 spa d
040 _aBPMSU
_bspa
_cBPMSU
082 _axxxx
_bxxxx
100 1 _aIbáñez, Francisco
_d1936-
245 1 0 _aMaastricht ¡...Jesús! /
_cFrancisco Ibáñez
260 _aBarcelona :
_bEdiciones B,
_c1998.
300 _a48 p. :
_bil.
_c32 cm.
490 0 _aMagos del humor
490 0 _aUna aventura de Mortadelo y Filemón
830 0 _aMagos del humor
830 0 _aUna aventura de Mortadelo y Filemón
910 _a000144
942 _2ddc
_cBK
945 _aInventariado extranjero / 2017 YL
956 _aYLOCKWARD
_b10
_c20171128
_d144
999 _c13149
_d13149